| 000 | 00735nam a22002057a 4500 | ||
|---|---|---|---|
| 003 | OSt | ||
| 005 | 20260316063216.0 | ||
| 008 | 260316b |||||||| |||| 00| 0 eng d | ||
| 020 | _a978-0-14-241095-0 | ||
| 040 |
_aDWCL GS lib _cOC |
||
| 100 | _aRITCHIE, MADONNA | ||
| 245 |
_aThe English roses: being Binah: book 6 _cRITCHIE, MADONNA |
||
| 260 |
_a New York _bPuffin Books _c2008 |
||
| 300 |
_avii, 124 pages. _c18cm. |
||
| 520 | _a Binah is tired of being taken for granted as "the nice one" and attempts to change her personality to become more interesting. | ||
| 546 | _aEnglish | ||
| 650 | _2children's fiction | ||
| 650 | _2explores themes of self-worth, friendship, and authenticity. | ||
| 942 |
_2ddc _cFIC. _hFic. _n0 |
||
| 999 |
_c9150 _d9150 |
||